000 00622nam a2200193 i 4500
001 81813
003 ES-MaACL
005 20250407063105.0
007 t|
008 041108s1962 sp ||||1| spa d
100 1 _aIbáñez de Ibero, Carlos,
_cMarqués de Mulhacén,
_d1888-1966
_9151481
245 1 0 _aPlan docente y de cooperación /
_cCarlos Ibáñez de Ibero.
260 _aEl Escorial :
_b[s.n.,
_c1962]
300 _a111 p. ;
_c17 cm.
650 4 _aEducación social-
_zEspaña.
_9151487
650 4 _aInvestigación-
_zEspaña.
_913893
852 _aES-MaACL
_jC-20237
_bR.51391
999 _c81813
_d81813